За большое киноискусство; Всесоюзное творческое совещание работников советской кинематографии (8-13 января 1935 г., Москва); Шестое производственно-тематическое совещание (январь 1935 г.)

Detalhes bibliográficos
Idioma:russo
Publicado em: Москва, Кинофотоиздат, 1935
TOC:Всесоюзное творческое совещание работников советской кинематографии (8-13 января 1935 г., Москва);
Шестое производственно-тематическое совещание (январь 1935 г.);
Assuntos:
Formato: Livro
KOHA link:https://koha.lib.tpu.ru/cgi-bin/koha/opac-detail.pl?biblionumber=317638

MARC

LEADER 00000nam0a2200000 4500
001 317638
005 20231102003009.0
035 |a (RuTPU)RU\TPU\book\343106 
090 |a 317638 
100 |a 20160412d1935 m y0rusy50 ca 
101 0 |a rus 
102 |a RU 
105 |a c z 100zy 
200 1 |a За большое киноискусство 
210 |a Москва  |c Кинофотоиздат  |d 1935 
215 |a 196 с.  |c портр. 
464 |t Всесоюзное творческое совещание работников советской кинематографии (8-13 января 1935 г., Москва) 
464 |t Шестое производственно-тематическое совещание (январь 1935 г.) 
606 1 |a Кинематография  |2 stltpush  |3 (RuTPU)RU\TPU\subj\39488  |9 59564 
610 1 |a киноискусство 
610 1 |a советское кино 
610 1 |a режиссеры 
610 1 |a выступления 
610 1 |a доклады 
610 1 |a прения 
610 1 |a совещания 
675 |a 791.43  |v 4 
801 1 |a RU  |b 63413507  |c 20160412 
801 2 |a RU  |b 63413507  |c 20160517  |g RCR 
942 |c BK